| 000 | 01364nam a2200205Ia 4500 | ||
|---|---|---|---|
| 999 |
_c35406 _d35406 |
||
| 001 | 1260 | ||
| 003 | GE_BSU | ||
| 005 | 20251226140812.0 | ||
| 008 | 181216s1987||||ge |||||||||||||| ||geo|| | ||
| 040 | _cGE_BSU | ||
| 041 | _ageo | ||
| 080 | _a636 მ–62 | ||
| 245 |
_aმეცხოველეობის მექანიზაცია.5.მანქანები საკვების თბური, ქიმიური და ბიოლოგიური დამუშავებისათვის.საკვების მომზადების კომპლექსური მექანიზაცია. _bსოფლის მეურნეობის წარმოების მექანიზაციის სპეციალობის სტუდენტებისათვის. |
||
| 264 |
_aთბილისი: _c1987. |
||
| 300 |
_a59 გვ. _b19 სმ. |
||
| 653 | _aბიოლოგია | ||
| 653 | _aმანქანები საკვების თბური,ქიმიური და ბიოლოგიური დამუშავებისათვის.საკვების მომზადების კომპლექსური მექანიზაცია. | ||
| 653 | _aმეცხოველეობა. | ||
| 942 |
_cBK _2udc |
||